All Swansea City Premier League Players Ever - Statistics

General Stats
  • This quiz has been taken 23 times
  • The average score is 130 of 185
Answer Stats
% Correct
2015/16 Ghana Andre Ayew 34
100%
2017/18 Ghana Andre Ayew 12
100%
2011/12 Wales Ashley Williams 37
100%
2012/13 Wales Ashley Williams 37
100%
2013/14 Wales Ashley Williams 34
100%
2014/15 Wales Ashley Williams 37
100%
2015/16 Wales Ashley Williams 36
100%
2011/12 Iceland Gylfi Sigurdsson 18
100%
2014/15 Iceland Gylfi Sigurdsson 32
100%
2015/16 Iceland Gylfi Sigurdsson 36
100%
2016/17 Iceland Gylfi Sigurdsson 38
100%
2016/17 Ghana Jordan Ayew 14
100%
2017/18 Ghana Jordan Ayew 36
100%
2011/12 Spain Angel Rangel 34
94%
2012/13 Spain Angel Rangel 33
94%
2013/14 Spain Angel Rangel 30
94%
2014/15 Spain Angel Rangel 27
94%
2015/16 Spain Angel Rangel 23
94%
2016/17 Spain Angel Rangel 18
94%
2017/18 Spain Angel Rangel 4
94%
2012/13 South Korea Ki Sung-Yeung 29
94%
2013/14 South Korea Ki Sung-Yeung 1
94%
2014/15 South Korea Ki Sung-Yeung 33
94%
2015/16 South Korea Ki Sung-Yeung 28
94%
2016/17 South Korea Ki Sung-Yeung 23
94%
2017/18 South Korea Ki Sung-Yeung 25
94%
2014/15 Poland Lukasz Fabianski 37
94%
2015/16 Poland Lukasz Fabianski 37
94%
2016/17 Poland Lukasz Fabianski 37
94%
2017/18 Poland Lukasz Fabianski 38
94%
2011/12 Netherlands Michel Vorm 37
94%
2012/13 Netherlands Michel Vorm 26
94%
2013/14 Netherlands Michel Vorm 26
94%
2012/13 Wales Ben Davies 37
89%
2013/14 Wales Ben Davies 34
89%
2011/12 England Leon Britton 36
89%
2012/13 England Leon Britton 33
89%
2013/14 England Leon Britton 25
89%
2014/15 England Leon Britton 9
89%
2015/16 England Leon Britton 25
89%
2016/17 England Leon Britton 16
89%
2017/18 England Leon Britton 5
89%
2015/16 Netherlands Leroy Fer 11
89%
2016/17 Netherlands Leroy Fer 34
89%
2017/18 Netherlands Leroy Fer 20
89%
2012/13 Spain Michu 35
89%
2013/14 Spain Michu 17
89%
2011/12 England Nathan Dyer 34
89%
2012/13 England Nathan Dyer 37
89%
2013/14 England Nathan Dyer 27
89%
2014/15 England Nathan Dyer 32
89%
2015/16 England Nathan Dyer 1
89%
2016/17 England Nathan Dyer 8
89%
2017/18 England Nathan Dyer 24
89%
2011/12 Wales Neil Taylor 36
89%
2012/13 Wales Neil Taylor 6
89%
2013/14 Wales Neil Taylor 10
89%
2014/15 Wales Neil Taylor 34
89%
2015/16 Wales Neil Taylor 34
89%
2016/17 Wales Neil Taylor 11
89%
2011/12 England Wayne Routledge 28
89%
2012/13 England Wayne Routledge 36
89%
2013/14 England Wayne Routledge 35
89%
2014/15 England Wayne Routledge 29
89%
2015/16 England Wayne Routledge 28
89%
2016/17 England Wayne Routledge 27
89%
2017/18 England Wayne Routledge 15
89%
2013/14 Cote D'Ivoire Wilfried Bony 34
89%
2014/15 Cote D'Ivoire Wilfried Bony 20
89%
2017/18 Cote D'Ivoire Wilfried Bony 15
89%
2014/15 Argentina Federico Fernandez 28
83%
2015/16 Argentina Federico Fernandez 32
83%
2016/17 Argentina Federico Fernandez 27
83%
2017/18 Argentina Federico Fernandez 30
83%
2011/12 Wales Joe Allen 36
83%
2014/15 France Bafetimbi Gomis 31
78%
2015/16 France Bafetimbi Gomis 33
78%
2016/17 Spain Fernando Llorente 33
78%
2011/12 Germany Gerhard Tremmel 1
78%
2012/13 Germany Gerhard Tremmel 14
78%
2013/14 Germany Gerhard Tremmel 12
78%
2014/15 Germany Gerhard Tremmel 2
78%
2014/15 Ecuador Jefferson Montero 30
78%
2015/16 Ecuador Jefferson Montero 23
78%
2016/17 Ecuador Jefferson Montero 13
78%
2012/13 Netherlands Jonathan de Guzman 37
78%
2013/14 Netherlands Jonathan de Guzman 34
78%
2014/15 Gambia Modou Barrow 11
78%
2015/16 Gambia Modou Barrow 22
78%
2016/17 Gambia Modou Barrow 18
78%
2011/12 England Danny Graham 36
72%
2012/13 England Danny Graham 18
72%
2013/14 England Jonjo Shelvey 32
72%
2014/15 England Jonjo Shelvey 31
72%
2015/16 England Jonjo Shelvey 16
72%
2017/18 Portugal Renato Sanches 12
72%
2016/17 England Alfie Mawson 27
67%
2017/18 England Alfie Mawson 38
67%
2017/18 Wales Andy King 11
67%
2012/13 Spain Chico Flores 26
67%
2013/14 Spain Chico Flores 31
67%
2011/12 England Garry Monk 16
67%
2012/13 England Garry Monk 11
67%
2013/14 Indonesia Jordi Amat 17
67%
2014/15 Indonesia Jordi Amat 10
67%
2015/16 Indonesia Jordi Amat 8
67%
2016/17 Indonesia Jordi Amat 17
67%
2014/15 England Kyle Naughton 10
67%
2015/16 England Kyle Naughton 27
67%
2016/17 England Kyle Naughton 31
67%
2017/18 England Kyle Naughton 34
67%
2011/12 England Scott Sinclair 38
67%
2012/13 England Scott Sinclair 1
67%
2016/17 Netherlands Luciano Narsingh 13
61%
2017/18 Netherlands Luciano Narsingh 18
61%
2016/17 Sweden Martin Olsson 15
61%
2017/18 Sweden Martin Olsson 36
61%
2016/17 Netherlands Mike van der Hoorn 8
61%
2017/18 Netherlands Mike van der Hoorn 24
61%
2012/13 Spain Pablo Hernandez 30
61%
2013/14 Spain Pablo Hernandez 27
61%
2017/18 England Sam Clucas 29
61%
2011/12 Sierra Leone Steven Caulker 26
61%
2015/16 Italy Alberto Paloschi 10
56%
2017/18 Wales Connor Roberts 4
56%
2012/13 Israel Itay Shechter 18
56%
2014/15 England Jack Cork 15
56%
2015/16 England Jack Cork 35
56%
2016/17 England Jack Cork 30
56%
2013/14 Scotland Jay Fulton 2
56%
2014/15 Scotland Jay Fulton 2
56%
2015/16 Scotland Jay Fulton 2
56%
2016/17 Scotland Jay Fulton 11
56%
2017/18 Scotland Jay Fulton 2
56%
2011/12 Wales Jazz Richards 8
56%
2014/15 Wales Jazz Richards 10
56%
2015/16 Sweden Kristoffer Nordfeldt 1
56%
2016/17 Sweden Kristoffer Nordfeldt 1
56%
2011/12 England Leroy Lita 16
56%
2013/14 England Leroy Lita 2
56%
2014/15 England Matt Grimes 3
56%
2015/16 England Matt Grimes 1
56%
2017/18 England Tammy Abraham 31
56%
2012/13 Netherlands Dwight Tiendalli 14
50%
2013/14 Netherlands Dwight Tiendalli 10
50%
2014/15 Netherlands Dwight Tiendalli 3
50%
2015/16 Portugal Eder 13
50%
2013/14 Spain Jose Canas 23
50%
2011/12 England Luke Moore 20
50%
2012/13 England Luke Moore 17
50%
2016/17 Scotland Oliver McBurnie 5
50%
2017/18 Scotland Oliver McBurnie 11
50%
2012/13 Belgium Roland Lamah 5
50%
2013/14 Belgium Roland Lamah 9
50%
2017/18 Spain Roque Mesa 11
50%
2015/16 Scotland Stephen Kingsley 4
50%
2016/17 Scotland Stephen Kingsley 13
50%
2014/15 England Tom Carroll 13
50%
2016/17 England Tom Carroll 17
50%
2017/18 England Tom Carroll 37
50%
2013/14 Spain Alejandro Pozuelo 22
44%
2016/17 Spain Borja Baston 18
44%
2014/15 Portugal Nelson Oliveira 10
44%
2011/12 Scotland Stephen Dobbie 8
44%
2011/12 England Josh McEachran 4
39%
2011/12 Curacao Kemy Agustien 13
39%
2012/13 Curacao Kemy Agustien 18
39%
2014/15 Curacao Kenji Gorre 1
39%
2013/14 Netherlands Marvin Emnes 7
39%
2014/15 Netherlands Marvin Emnes 17
39%
2015/16 Netherlands Marvin Emnes 2
39%
2011/12 England Alan Tate 5
33%
2012/13 England Alan Tate 3
33%
2011/12 Spain Andrea Orlandi 3
33%
2011/12 England Mark Gower 20
33%
2012/13 England Mark Gower 1
33%
2013/14 Spain Alvaro Vazquez 12
28%
2013/14 France David N'Gog 3
28%
2012/13 England Kyle Bartley 2
22%
2013/14 England Kyle Bartley 2
22%
2014/15 England Kyle Bartley 7
22%
2015/16 England Kyle Bartley 5
22%
2017/18 England Kyle Bartley 5
22%
2011/12 Argentina Federico Bessone 1
17%
2011/12 Greece Vangelis Moras 1
17%
No matching quizzes found
Score Distribution
Percent of People with Each Score
Percentile by Number Answered
Your Score History
You have not taken this quiz